Markets (Record no. 84016)

MARC details
000 -LEADER
fixed length control field 01076cab a22002055a 4500
001 - CONTROL NUMBER
control field L156442
008 - FIXED-LENGTH DATA ELEMENTS--GENERAL INFORMATION
fixed length control field 120522e2012 xxk 000 0 eng d
035 ## - SYSTEM CONTROL NUMBER
System control number (Sirsi) u156442
041 0# - LANGUAGE CODE
Language code of text/sound track or separate title eng
100 1# - MAIN ENTRY--PERSONAL NAME
Personal name Eade, Christine
245 00 - TITLE STATEMENT
Title Markets
Remainder of title Ireland
260 ## - PUBLICATION, DISTRIBUTION, ETC.
Date of publication, distribution, etc. 2012
490 #0 - SERIES STATEMENT
Series statement Property Week
Volume/sequential designation 78 (20) 18 May 2012, 57-62(5)
520 ## - SUMMARY, ETC.
Summary, etc. April's purchase of offices, One Warrington Place, Dublin, by US fund Northwood investors, shows that the new rent review rules has not destroyed the market. Merged law firms,Pinsent Masons and McGrigors, may move into the Soloist office development in Belfast. A hotel operator is close to buying the 161 000 sq ft Belfast Metropolitan College in the city centre. Arthur Street, Belfast's newest chic shopping street owes its success in part to low business rates. Capital Bank to create new HQ in the framework of a Dublin scheme originally planned for Anglo Irish Bank.
590 ## - LOCAL NOTE (RLIN)
Local note KA
651 #4 - SUBJECT ADDED ENTRY--GEOGRAPHIC NAME
Geographic name Ireland (Republic of)
Chronological subdivision
651 #4 - SUBJECT ADDED ENTRY--GEOGRAPHIC NAME
Geographic name Northern Ireland
Chronological subdivision 2007-
690 ## - LOCAL SUBJECT ADDED ENTRY--TOPICAL TERM (OCLC, RLIN)
Topical term or geographic name as entry element Commercial property
9 (RLIN) 6227
942 ## - ADDED ENTRY ELEMENTS (KOHA)
Suppress in OPAC 0
Holdings
Withdrawn status Lost status Source of classification or shelving scheme Damaged status Not for loan Home library Current library Shelving location Date acquired Total Checkouts Full call number Barcode Date last seen Copy number Price effective from Koha item type
    Dewey Decimal Classification     London London Journal article 22/05/2012   L156442 156442-1001 06/08/2019 1 06/08/2019 Journal article